000 01133am a2200349a 44500
003 AR-BaBNM
005 20251128211154.0
008 113020s2002 #AR|||||||||||000 | esp||
020 _a84-7112-476-9
040 _cAR-BaBNM
100 1 _aCooper, Hilary
245 1 0 _aDidáctica de la historia en la educación infantil y primaria
260 _aMadrid
_bEdiciones Morata
_bMinisterio de Educación Cultura y Deporte
_c2002
300 _a263 p.
_btablas, il., diagr.
490 0 _aEducación infantil y primaria
_vv. 37
500 _aRecursos citados en esta obra p. 246
500 _aIndice de materias: p. 260-263
504 _aContiene referencias bibliográficas p. 249-259
650 4 _aFUENTES DE INFORMACION
650 4 _aENSEÑANZA DE LA HISTORIA
650 4 _aPLANIFICACION
650 4 _aESTUDIOS DE CASOS
650 4 _aENSEÑANZA DE LAS CIENCIAS SOCIALES
651 4 _aReino Unido
653 _aEDUCACION PRIMARIA
653 _aEDUCACION INICIAL
653 _aESTRATEGIAS DIDACTICAS
653 _aINNOVACIONES EDUCATIVAS
700 1 _aManzano, Pablo
_etraductor
942 _cBK
998 _craquel
999 _c18567
_d18567